Statistics for Cuphead Levels Quiz

Click here to take the quiz!

General Stats

  • This quiz has been taken 64 times
  • The average score is 13 of 25

Answer Stats

BossesBosses% Correct
The Root PackBotanic Panic
81%
Ribby and CroaksClip Joint Calamity
76%
Cagney CarnationFloral Fury
76%
Goopy Le GrandeRuse of an Ooze
70%
Baroness Van Bon BonSugarland Shimmy
62%
Djimmi the GreatPyramid Peril
59%
Dr. Kahl's RobotJunkyard Jive!
57%
The DevilOne Hell Of A Time
57%
King DiceAll Bets Are Off!
54%
Werner WermanMurine Corps
54%
Wally WarblesAviary Action
51%
Hilda BergThreatenin' Zeppelin
51%
Inkwell Isle #1Treetop Trouble
49%
Inkwell Isle #1Forest Follies
46%
Sally StageplayDramatic Fanatic
43%
Grim MatchstickFiery Frolic
43%
Captain BrineybeardShootin N' Lootin
43%
Beppi the ClownCarnival Kerfuffle
41%
Inkwell Isle #2Funhouse Frazzle
41%
Rumor HoneybottomsHoneycomb Herald
41%
Inkwell Isle #3Perilous Piers
41%
Cala MariaHigh Seas Hi-Jinx!
35%
Inkwell Isle #3Rugged Ridge
35%
Phantom ExpressRailroad Wrath
32%
Inkwell Isle #2Funfair Fever
30%

Score Distribution

Percentile by Number Answered

Percent of People with Each Score

Your Score History

You have not taken this quiz